Statistics for Countries that have hosted WTO conferences

Click here to take the quiz!

General Stats

  • This quiz has been taken 22 times
  • The average score is 5 of 9

Answer Stats

ContinentCountry% Correct
North AmericaUnited States of America
90%
South AmericaArgentina
86%
AsiaChina
76%
North AmericaMexico
71%
EuropeSwitzerland
43%
AsiaIndonesia
38%
AsiaQatar
33%
AsiaSingapore
33%
AfricaKenya
14%

Score Distribution

Percentile by Number Answered

Percent of People with Each Score

Your Score History

You have not taken this quiz